| 000 | 00610nam a2200205Ia 4500 | ||
|---|---|---|---|
| 008 | 241004s9999 xx 000 0 und d | ||
| 020 | _a9789391928230 | ||
| 037 | _aTextbook | ||
| 040 |
_aARTS _beng _cARTS |
||
| 041 |
_aeng _2eng |
||
| 084 |
_aV236:24N20 R2 _qARTS |
||
| 100 |
_aNarang Amarjit S. Au. _9724759 |
||
| 245 |
_aRegion, religion and politics: 100 years of Shiromani Akali Dal _cNarang Amarjit S. Au. |
||
| 260 |
_aIndia _bDelhi Manohar _c2022 |
||
| 300 | _a411p. | ||
| 365 |
_aINR _b1995 |
||
| 650 | _aHistory | ||
| 942 |
_cTB _hV236:24N20 R2 |
||
| 999 |
_c1218925 _d1218925 |
||